000 00595nam a2200217Ia 4500
003 OSt
005 20220925201142.0
006 a|||||r|||| 00| 0
007 ta
008 220923b |||||||| |||| 00| 0 eng d
037 _cGeneral Book
040 _aRTL
_cRTL
_beng
041 _2eng
_aeng
082 _aR.51.N2, F0/SC
100 _aSTACE W.T.
_976330
245 0 _aCritical history of Greek philosophy.
260 _aDelhi
_bMac millan India Ltd.
_c1920
300 _axiv,386p.
_ccm.
942 _hR.51.N2, F0/SC
_cGB
_2CC
999 _c539147
_d539147